[Event "WSCC  M50 2019"]
[Site "Bucharest"]
[Date "2019.11.12"]
[Round "1.9"]
[White "Georgiev, Kiril"]
[Black "Gavrish, Leonid"]
[Result "1-0"]
[WhiteElo "2582"]
[BlackElo "2077"]
[Annotator "ChessBase"]
[PlyCount "53"]
[EventDate "2019.11.12"]
[EventType "swiss"]
[EventCountry "ROU"]
[SourceTitle "playchess.com"]
[Source "ChessBase"]
[SourceQuality "1"]
[TimeControl "40/5400+30:1800+30"]

1. Nf3 {[%emt 0:00:00]} Nf6 {[%emt 0:00:00]} 2. c4 {[%emt 0:00:00]} c5 {[%emt 0:00:00]} 3. Nc3 {[%emt 0:00:05]} g6 {[%emt 0:00:00]} 4. d4 {[%emt 0:00:11]} cxd4 {[%emt 0:00:00]} 5. Nxd4 {[%emt 0:00:07]} Nc6 {[%emt 0:00:00]} 6. Nc2 {[%emt 0:00:13]} Bg7 {[%emt 0:00:11]} 7. e4 {[%emt 0:00:05]} d6 {[%emt 0:00:20]} 8. Be2 {[%emt 0:00:07]} O-O {[%emt 0:00:09]} 9. O-O {[%emt 0:00:10]} Nd7 {[%emt 0:00:33]} 10. Bd2 {[%emt 0:00:14]} Nc5 {[%emt 0:00:33]} 11. f3 {[%emt 0:00:43]} a5 {[%emt 0:03:31]} 12. Be3 {[%emt 0:05:09]} f5 {[%emt 0:02:57]} 13. exf5 {[%emt 0:01:05]} gxf5 {[%emt 0:08:42]} 14. Qd2 {[%emt 0:01:00]} a4 {[%emt 0:07:30]} 15. Na3 {[%emt 0:03:04]} Qa5 {[%emt 0:09:20]} 16. Rfd1 {[%emt 0:11:36]} Be6 {[%emt 0:13:46]} 17. Rab1 {[%emt 0:04:20]} Kh8 {[%emt 0:12:13]} 18. Kh1 {[%emt 0:01:08]} Rac8 {[%emt 0:14:59]} 19. Bh6 {[%emt 0:03:51]} Bxh6 {[%emt 0:02:53]} 20. Qxh6 {[%emt 0:00:18]} f4 {[%emt 0:07:03]} 21. Qh4 {[%emt 0:07:10]} Rf6 {[%emt 0:01:22]} 22. Rxd6 {[%emt 0:01:55]} Rcf8 {[%emt 0:06:41]} 23. Rd2 {[%emt 0:01:21]} Bf5 {[%emt 0:04:42]} 24. Rbd1 {[%emt 0:01:05]} e6 {[%emt 0:01:48]} 25. Nab5 {[%emt 0:01:28]} Ne5 {[%emt 0:01:41]} 26. Rd8 {[%emt 0:05:11]} Ng6 {[%emt 0:01:12]} 27. Qxf6+ {[%emt 0:00:17]} 1-0

[Event "WSCC  M50 2019"]
[Site "Bucharest"]
[Date "2019.11.12"]
[Round "1.10"]
[White "Gayson, Peter M"]
[Black "Lima, Darcy"]
[Result "1-0"]
[WhiteElo "2075"]
[BlackElo "2540"]
[Annotator "ChessBase"]
[PlyCount "77"]
[EventDate "2019.11.12"]
[EventType "swiss"]
[EventCountry "ROU"]
[SourceTitle "playchess.com"]
[Source "ChessBase"]
[SourceQuality "1"]
[TimeControl "40/5400+30:1800+30"]

1. e4 {[%emt 0:00:00]} Nf6 {[%emt 0:00:00]} 2. e5 {[%emt 0:00:17]} Nd5 {[%emt 0:00:01]} 3. d4 {[%emt 0:00:16]} d6 {[%emt 0:00:06]} 4. c4 {[%emt 0:00:25]} Nb6 {[%emt 0:00:08]} 5. f4 {[%emt 0:00:18]} g6 {[%emt 0:00:56]} 6. Nf3 {[%emt 0:01:30]} Bg7 {[%emt 0:02:53]} 7. Nc3 {[%emt 0:01:02]} dxe5 {[%emt 0:03:10]} 8. fxe5 {[%emt 0:06:42]} Bg4 {[%emt 0:03:57]} 9. c5 {[%emt 0:07:50]} Nc8 {[%emt 0:04:35]} 10. Be3 {[%emt 0:08:04]} b6 {[%emt 0:01:34]} 11. h3 {[%emt 0:10:22]} Bd7 {[%emt 0:03:18]} 12. Bc4 {[%emt 0:03:19]} bxc5 {[%emt 0:02:24]} 13. Bxf7+ {[%emt 0:12:47]} Kxf7 {[%emt 0:00:06]} 14. e6+ {[%emt 0:02:48]} Ke8 {[%emt 0:01:20]} 15. exd7+ {[%emt 0:07:43]} Qxd7 {[%emt 0:00:09]} 16. O-O {[%emt 0:03:38]} Nd6 {[%emt 0:21:15]} 17. dxc5 {[%emt 0:11:16]} Nf5 {[%emt 0:00:25]} 18. Bf4 {[%emt 0:03:01]} Bxc3 {[%emt 0:13:39]} 19. bxc3 {[%emt 0:01:04]} Qxd1 {[%emt 0:00:04]} 20. Raxd1 {[%emt 0:01:09]} Na6 {[%emt 0:05:11]} 21. g4 {[%emt 0:02:26]} Ng7 {[%emt 0:01:16]} 22. Be5 {[%emt 0:06:52]} Rg8 {[%emt 0:00:48]} 23. Ng5 {[%emt 0:04:33]} h6 {[%emt 0:08:24]} 24. Bxg7 {[%emt 0:01:02]} hxg5 {[%emt 0:00:16]} 25. Be5 {[%emt 0:01:39]} c6 {[%emt 0:05:39]} 26. Rde1 {[%emt 0:01:22]} Kd7 {[%emt 0:03:21]} 27. Rd1+ {[%emt 0:00:08]} Ke8 {[%emt 0:01:15]} 28. Rde1 {[%emt 0:00:12]} Kd7 {[%emt 0:05:43]} 29. Rd1+ {[%emt 0:00:19]} Ke6 {[%emt 0:00:39]} 30. Rfe1 {[%emt 0:00:56]} Rge8 {[%emt 0:00:44]} 31. Bd4+ {[%emt 0:01:18]} Kf7 {[%emt 0:00:05]} 32. Re5 {[%emt 0:00:39]} Rad8 {[%emt 0:00:04]} 33. Rf1+ {[%emt 0:00:21]} Kg7 {[%emt 0:01:28]} 34. Re6+ {[%emt 0:00:42]} Kh6 {[%emt 0:00:30]} 35. Rf7 {[%emt 0:00:16]} Nc7 {[%emt 0:00:19]} 36. Bg7+ {[%emt 0:00:23]} Kh7 {[%emt 0:00:03]} 37. Be5+ {[%emt 0:00:46]} Kg8 {[%emt 0:00:09]} 38. Rg7+ {[%emt 0:00:39]} Kf8 {[%emt 0:00:02]} 39. Rexg6 1-0

[Event "WSCC  M50 2019"]
[Site "Bucharest"]
[Date "2019.11.12"]
[Round "1.11"]
[White "Sturua, Zurab"]
[Black "Cmiel, Thorsten"]
[Result "1-0"]
[WhiteElo "2540"]
[BlackElo "2068"]
[Annotator "ChessBase"]
[PlyCount "69"]
[EventDate "2019.11.12"]
[EventType "swiss"]
[EventCountry "ROU"]
[SourceTitle "playchess.com"]
[Source "ChessBase"]
[SourceQuality "1"]
[TimeControl "40/5400+30:1800+30"]

1. c4 {[%emt 0:00:00]} c5 {[%emt 0:03:36]} 2. Nf3 {[%emt 0:00:17]} Nf6 {[%emt 0:02:15]} 3. d4 {[%emt 0:02:10]} cxd4 {[%emt 0:00:11]} 4. Nxd4 {[%emt 0:00:05]} Nc6 {[%emt 0:02:22]} 5. Nc3 {[%emt 0:01:02]} g6 {[%emt 0:00:28]} 6. Nc2 {[%emt 0:01:21]} Bg7 {[%emt 0:00:46]} 7. e4 {[%emt 0:00:21]} O-O {[%emt 0:00:23]} 8. Be2 {[%emt 0:00:06]} d6 {[%emt 0:01:01]} 9. O-O {[%emt 0:00:10]} Nd7 {[%emt 0:00:14]} 10. Bd2 {[%emt 0:00:24]} Nc5 {[%emt 0:00:13]} 11. b4 {[%emt 0:01:52]} Bxc3 {[%emt 0:00:38]} 12. Bxc3 {[%emt 0:00:08]} Nxe4 {[%emt 0:00:08]} 13. Bb2 {[%emt 0:00:12]} Nf6 {[%emt 0:06:28]} 14. Qd2 {[%emt 0:02:29]} Be6 {[%emt 0:02:44]} 15. Rfd1 {[%emt 0:26:18]} Qb8 {[%emt 0:07:04]} 16. Qg5 {[%emt 0:10:06]} a5 {[%emt 0:15:29]} 17. b5 {[%emt 0:00:57]} Ne5 {[%emt 0:00:08]} 18. Ne3 {[%emt 0:03:14]} Rc8 {[%emt 0:00:16]} 19. f4 {[%emt 0:03:54]} Nxc4 {[%emt 0:05:00]} 20. Bxc4 {[%emt 0:01:13]} Bxc4 {[%emt 0:00:30]} 21. Nf5 {[%emt 0:13:22]} Qc7 {[%emt 0:03:32]} 22. Nh6+ {[%emt 0:05:12]} Kg7 {[%emt 0:08:32]} 23. Nf5+ {[%emt 0:00:06]} Kg8 {[%emt 0:00:07]} 24. Nh6+ {[%emt 0:00:04]} Kg7 {[%emt 0:00:17]} 25. Ng4 {[%emt 0:00:05]} Qc5+ {[%emt 0:02:07]} 26. Kh1 {[%emt 0:04:45]} Qf5 {[%emt 0:02:50]} 27. Ne3 {[%emt 0:04:31]} Qe4 {[%emt 0:04:09]} 28. Ng4 {[%emt 0:11:27]} Qf5 {[%emt 0:00:52]} 29. a4 {[%emt 0:00:27]} Be6 {[%emt 0:08:55]} 30. Ne3 {[%emt 0:00:12]} Qe4 {[%emt 0:01:46]} 31. Qg3 {[%emt 0:00:29]} Qb4 {[%emt 0:04:33]} 32. Rab1 {[%emt 0:03:13]} Qxa4 {[%emt 0:06:59]} 33. f5 {[%emt 0:00:06]} Bb3 {[%emt 0:01:00]} 34. fxg6 {[%emt 0:00:57]} hxg6 {[%emt 0:00:32]} 35. Bxf6+ {[%emt 0:01:20]} 1-0

[Event "WSCC  M50 2019"]
[Site "Bucharest"]
[Date "2019.11.12"]
[Round "1.12"]
[White "Moise, Octavian-Mirel"]
[Black "Shabalov, Alexander"]
[Result "1/2-1/2"]
[WhiteElo "2068"]
[BlackElo "2528"]
[Annotator "ChessBase"]
[PlyCount "55"]
[EventDate "2019.11.12"]
[EventType "swiss"]
[EventCountry "ROU"]
[SourceTitle "playchess.com"]
[Source "ChessBase"]
[SourceQuality "1"]
[TimeControl "40/5400+30:1800+30"]

1. d4 {[%emt 0:00:00]} Nf6 {[%emt 0:00:00]} 2. c4 {[%emt 0:00:00]} c5 {[%emt 0:00:00]} 3. d5 {[%emt 0:00:21]} b5 {[%emt 0:00:00]} 4. Qc2 {[%emt 0:00:29]} g6 {[%emt 0:01:47]} 5. e4 {[%emt 0:01:46]} Bg7 {[%emt 0:00:30]} 6. cxb5 {[%emt 0:05:16]} O-O {[%emt 0:00:17]} 7. Bd3 {[%emt 0:05:16]} d6 {[%emt 0:03:10]} 8. Nc3 {[%emt 0:02:54]} a6 {[%emt 0:00:21]} 9. h3 {[%emt 0:03:39]} e6 {[%emt 0:10:41]} 10. Nf3 {[%emt 0:08:09]} exd5 {[%emt 0:02:57]} 11. exd5 {[%emt 0:00:42]} Bb7 {[%emt 0:03:08]} 12. O-O {[%emt 0:05:07]} axb5 {[%emt 0:01:18]} 13. Bxb5 {[%emt 0:04:20]} Nxd5 {[%emt 0:00:12]} 14. Bg5 {[%emt 0:10:07]} Qa5 {[%emt 0:03:35]} 15. Nxd5 {[%emt 0:05:33]} Bxd5 {[%emt 0:01:19]} 16. Be2 {[%emt 0:00:47]} Nc6 {[%emt 0:04:04]} 17. Bd2 {[%emt 0:05:05]} Qb6 {[%emt 0:14:27]} 18. Bc3 Nb4 {[%emt 0:05:10]} 19. Qd2 {[%emt 0:18:58]} Bxa2 {[%emt 0:00:08]} 20. Bxg7 {[%emt 0:01:22]} Kxg7 {[%emt 0:00:07]} 21. h4 {[%emt 0:05:05]} d5 {[%emt 0:05:42]} 22. Ne5 {[%emt 0:00:59]} Rfe8 {[%emt 0:03:53]} 23. Ng4 {[%emt 0:05:54]} f5 {[%emt 0:15:03]} 24. Qh6+ {[%emt 0:00:53]} Kh8 {[%emt 0:00:20]} 25. Ne3 {[%emt 0:00:45]} Qf6 {[%emt 0:01:23]} 26. Bf3 {[%emt 0:01:18]} Ra6 {[%emt 0:04:14]} 27. Rfe1 {[%emt 0:06:02]} Rf8 {[%emt 0:09:07]} 28. Nxd5 {[%emt 0:00:37]} 1/2-1/2

[Event "WSCC  M50 2019"]
[Site "Bucharest"]
[Date "2019.11.12"]
[Round "1.13"]
[White "Marin, Mihail"]
[Black "Belmont Hernandez, Andres"]
[Result "1-0"]
[WhiteElo "2521"]
[BlackElo "2066"]
[Annotator "TA"]
[PlyCount "67"]
[EventDate "2019.11.12"]
[EventType "swiss"]
[EventCountry "ROU"]
[SourceTitle "playchess.com"]
[Source "ChessBase"]
[SourceQuality "1"]

{[%evp 14,67,36,31,24,17,30,23,42,27,62,37,44,17,16,4,15,-10,60,46,64,40,39,37,58,50,63,56,174,203,189,213,199,177,164,139,392,411,451,433,431,412,716,702,720,718,827,812,1827,1739,1658,955,2572,2531,29977,12141]} 1. c4 Nf6 2. g3 c6 3. Nf3 d5 4. Bg2 e6 5. O-O Bd6 6. d4 O-O 7. Nc3 Nbd7 8. Nd2 Be7 {E01: Catalan: Early deviations} 9. e4 dxe4 10. Ndxe4 Nxe4 {White has an edge.} 11. Nxe4 Nf6 12. Nc3 Qb6 13. b3 Rd8 14. Be3 Qa5 15. Qc2 Bd7 $146 (15... Ng4 $11) ({Predecessor:} 15... Ng4) 16. Rad1 $14 Rac8 17. Bf4 Be8 18. Rfe1 Bb4 19. Re5 Qa6 20. Bg5 Bd6 ({Better is} 20... Be7 $14) 21. Bxf6 $18 gxf6 22. Rh5 f5 23. g4 f6 {[#]} 24. Rh4 $1 Bf4 $2 {[%mdl 8192]} (24... Rc7 $16) 25. gxf5 {[%mdl 64] Discovered Attack} Bg5 26. Rh3 Qa5 27. fxe6 Bg6 (27... Rc7 $142 28. d5 Rg7) 28. Be4 f5 {[#]} 29. b4 $1 {[%mdl 64] Deflection} Qxb4 30. Bxf5 Rc7 31. Bxg6 hxg6 32. Rg3 Bf6 33. Qxg6+ {[%mdl 64] Double Attack} Bg7 34. Rh3 {Accuracy: White = 78%, Black = 40%.} 1-0

[Event "WSCC  M50 2019"]
[Site "Bucharest"]
[Date "2019.11.12"]
[Round "1.14"]
[White "Sielicki, Tomasz"]
[Black "Nevednichy, Vladislav"]
[Result "0-1"]
[WhiteElo "2066"]
[BlackElo "2518"]
[Annotator "TA"]
[PlyCount "76"]
[EventDate "2019.11.12"]
[EventType "swiss"]
[EventCountry "ROU"]
[SourceTitle "playchess.com"]
[Source "ChessBase"]
[SourceQuality "1"]

{[%evp 12,75,0,4,22,-32,-43,-54,-42,-52,-29,-30,0,0,0,0,0,0,0,0,0,-45,-41,-115,-53,-54,-51,-63,-56,-66,-56,-94,-99,-101,-95,-124,-116,-200,-206,-232,-228,-219,-193,-191,0,-164,-169,-190,-186,-474,-389,-374,-372,-349,-268,-283,-269,-262,-262,-260,-235,-408,-408,-1036,-994,-29999]} 1. d4 Nf6 2. Bg5 c5 3. d5 Qb6 4. Nc3 Qxb2 5. Bd2 Qb6 6. e4 d6 7. f4 Qc7 {A45: Trompowsky Attack} (7... e5 8. Nf3 Nbd7 9. Rb1 Qd8 10. Bc4 a6 11. fxe5 Nxe5 12. Nxe5 dxe5 13. a4 Bd6 14. O-O h6 15. Qf3 Rb8 {½-½ (60) Rapport,R (2707)-Bu,X (2730) Riadh 2017}) 8. Bb5+ (8. Nf3 $11) 8... Nbd7 $1 $15 9. Nf3 a6 {Black is slightly better.} 10. Bxd7+ $1 Qxd7 $146 ({Predecessor:} 10... Nxd7 11. O-O g6 12. e5 Bg7 13. e6 fxe6 14. dxe6 Nf6 15. Qe2 {0-1 (32) Vilela de Acuna,J (2346)-Gonzalez Vidal,Y (2475) Barcelona 2007}) 11. O-O b5 {White must now prevent ...b4.} 12. e5 b4 13. exf6 bxc3 14. fxe7 Bxe7 15. Bxc3 O-O 16. Ng5 Qf5 $36 {[%mdl 2048] Black fights for an advantage.} 17. Qe2 {[#]} (17. Qf3 $15) 17... Bxg5 (17... Re8 $1 $17 18. Qd2 Bd7) 18. fxg5 Qxg5 19. Qe4 Bd7 20. h4 Qg6 21. Qf4 h5 22. Rf3 Rae8 23. Rg3 Bg4 24. Rf1 (24. Re1 $17) 24... Re4 $19 25. Qd2 Rfe8 26. Rf2 Ra4 27. Re3 Rae4 $2 ({Black should play} 27... Bd7 $19 28. Rxe8+ Bxe8) 28. Rxe4 $2 (28. Rg3 $1 $11 {and White is okay.}) 28... Rxe4 29. Qd3 Bc8 30. g3 $2 (30. Bd2 {was called for.}) 30... Bf5 {[#] Hoping for ...Re1+!} 31. Qf3 Bg4 32. Qd3 Bd7 33. Rf4 Bf5 {Threatens to win with ...Rxf4.} 34. Qf3 Rxf4 35. Qxf4 Be4 36. Ba5 $2 (36. a3 {might work better.}) 36... Bxd5 37. Bc7 (37. Qf2 $142) 37... Qxc2 {[%csl Gd5][%cal Rc2g2]} 38. Bxd6 Qg2# {Accuracy: White = 27%, Black = 76%.} 0-1

[Event "WSCC  M50 2019"]
[Site "Bucharest"]
[Date "2019.11.12"]
[Round "1.15"]
[White "Morovic Fernandez, Ivan"]
[Black "Mitrandzas, Athanasios"]
[Result "1-0"]
[WhiteElo "2505"]
[BlackElo "2065"]
[Annotator "TA"]
[PlyCount "45"]
[EventDate "2019.11.12"]
[EventType "swiss"]
[EventCountry "ROU"]
[SourceTitle "playchess.com"]
[Source "ChessBase"]
[SourceQuality "1"]

{[%evp 9,45,25,24,22,32,42,36,35,58,51,52,50,79,81,107,109,183,179,219,202,219,176,294,300,409,412,419,426,429,406,531,414,477,471,468,470,1298,1270]} 1. Nf3 c5 2. c4 Nc6 3. b3 e5 4. Bb2 e4 (4... d6 5. Nc3 g6 6. g3 Bg7 7. d3 Nge7 8. Bg2 h6 9. O-O O-O 10. Ne1 Be6 11. Nd5 Rb8 12. Nc2 b5 13. e3 bxc4 14. dxc4 f5 {½-½ (14) Maghsoodloo,P (2666)-Alekseev,E (2639) Bandar e Anzali 2019}) 5. Ng1 Nf6 6. Bxf6 {A30: Symmetrical English: Double Fianchetto and Hedgehog} Qxf6 7. Nc3 Qe5 8. g3 $146 {White is slightly better.} ({Predecessor:} 8. e3 Be7 9. g3 Nb4 10. a3 Nc6 11. Bg2 f5 12. Nge2 {1-0 (33) Bischoff,K (2504)-Martorelli,A (2206) Porto Mannu 2017}) 8... Be7 9. Bg2 f5 10. f4 Qd6 11. d3 Bf6 12. Nb5 Qb8 (12... Qe7 $16) 13. dxe4 $18 fxe4 14. Rc1 ({Don't take} 14. Bxe4 $6 Bxa1 15. Qxa1 Kf8 $16) 14... Nd4 15. Bxe4 O-O (15... Nxb5 $142 16. cxb5 d6) 16. Nf3 Nxf3+ 17. exf3 {[#] Black must now prevent Qd5+.} Kh8 18. Qd5 {And now Qh5! would win.} g6 19. Qxc5 {[%cal Rc5f8]} Kg7 20. O-O a5 21. Rfd1 {White is clearly winning.} Ra6 22. Nd6 Be7 (22... Qa7 $142 23. Qxa7 Rxa7 24. Nxc8 {[%mdl 64] Discovered Attack} Rxc8 25. Rxd7+ {[%mdl 64] Double Attack} Kh8) 23. Qe5+ {[%mdl 64] Double Attack. Accuracy: White = 91%, Black = 38%.} 1-0

[Event "WSCC  M50 2019"]
[Site "Bucharest"]
[Date "2019.11.12"]
[Round "1.16"]
[White "Robertson, Ian C."]
[Black "Yermolinsky, Alex"]
[Result "0-1"]
[WhiteElo "2062"]
[BlackElo "2498"]
[Annotator "TA"]
[PlyCount "60"]
[EventDate "2019.11.12"]
[EventType "swiss"]
[EventCountry "ROU"]
[SourceTitle "playchess.com"]
[Source "ChessBase"]
[SourceQuality "1"]

{[%evp 17,66,19,15,-12,0,9,18,0,0,-16,-5,-23,-16,-38,0,-12,-14,-22,0,-12,-7,-32,-25,-29,-8,-17,6,-72,-86,-79,-76,-85,-60,-176,-77,-533,-181,-266,-175,-233,-137,-266,-269,-506,-504,-470,-479,-430,-435,-1330,-772]} 1. e4 c5 2. Nf3 Nc6 3. Nc3 e6 4. d4 cxd4 5. Nxd4 d6 6. g3 Nf6 7. Bg2 Bd7 8. O-O Be7 9. Re1 O-O 10. Bg5 {B80: Sicilian Scheveningen: 6 g3 and 6 Be3, including English Attack} (10. Nce2 Qc7 11. Nxc6 bxc6 12. c4 e5 13. Nc3 Rab8 14. b3 Bc8 15. h3 Nd7 16. f4 exf4 17. gxf4 f5 {½-½ (43) Lu,S (2619)-Bilguun,S (2482) Changsha 2019}) 10... a6 11. Nxc6 Bxc6 12. Qd3 $146 {The position is equal.} ({Predecessor:} 12. e5 dxe5 13. Bxc6 bxc6 14. Rxe5 h6 15. Bxf6 Bxf6 16. Qxd8 Rfxd8 17. Rc5 Rac8 {½-½ (75) Schlamp,R (2255)-Rasch,H (2240) Weilburg 1996}) 12... Qc7 13. a4 b6 14. Rab1 Rfd8 15. Qe2 Bb7 16. Red1 h6 17. Be3 Nd7 18. f4 Bf6 19. Qd3 Nc5 20. Qc4 {[#] Hoping for b4.} Rac8 21. Bd4 $1 e5 22. Bf2 (22. fxe5 $1 $11 Bxe5 23. Rd2) 22... exf4 $17 23. gxf4 Bxc3 24. Qxc3 Qe7 $36 {[%mdl 2048] Black fights for an advantage.} 25. Qb4 (25. Bxc5 $15 dxc5 26. f5) 25... Nxe4 (25... Bxe4 $19 26. Bxe4 a5 27. Bh7+ Kxh7 28. Qxb6 Ne4) 26. Bxb6 $2 {[%mdl 8192]} (26. Re1 $17 {nothing else works.} Re8 27. Re2) 26... Re8 $2 (26... Rxc2 27. Bxe4 (27. Bxd8 $2 Rxg2+ 28. Kxg2 Nc3+ {[%mdl 64] Double Attack, Discovered Attack} 29. Qxb7 Qxb7+ 30. Kf2 Nxb1 $19) 27... Bxe4) 27. c3 (27. Qb3 {was necessary.}) 27... Ba8 28. Re1 (28. Qd4 $142) 28... f5 (28... Qe6 $19 {...Qg4! is the strong threat.} 29. Qd4 Qg4) 29. Rbd1 (29. Re2 $17 {only move.}) 29... Qh4 $19 30. Be3 $2 (30. Qb3+ Kh8 31. c4) 30... Nf6 {Played: Qh4-g4} 0-1

[Event "WSCC  M50 2019"]
[Site "Bucharest"]
[Date "2019.11.12"]
[Round "1.17"]
[White "Dvoirys, Semen I."]
[Black "Goater, Kevin P"]
[Result "0-1"]
[WhiteElo "2490"]
[BlackElo "2061"]
[Annotator "ChessBase"]
[PlyCount "60"]
[EventDate "2019.11.12"]
[EventType "swiss"]
[EventCountry "ROU"]
[SourceTitle "playchess.com"]
[Source "ChessBase"]
[SourceQuality "1"]
[TimeControl "40/5400+30:1800+30"]

1. e4 {[%emt 0:00:00]} c6 {[%emt 0:00:00]} 2. d4 {[%emt 0:00:00]} d5 {[%emt 0:00:00]} 3. Nd2 {[%emt 0:00:00]} dxe4 {[%emt 0:00:00]} 4. Nxe4 {[%emt 0:00:00]} Nf6 {[%emt 0:00:37]} 5. Nxf6+ {[%emt 0:00:00]} exf6 {[%emt 0:00:07]} 6. Bc4 {[%emt 0:00:13]} Bd6 {[%emt 0:01:36]} 7. Ne2 {[%emt 0:00:37]} Qc7 {[%emt 0:02:39]} 8. Ng3 {[%emt 0:01:08]} O-O {[%emt 0:00:57]} 9. O-O {[%emt 0:00:13]} Re8 {[%emt 0:12:13]} 10. Qh5 {[%emt 0:01:45]} g6 {[%emt 0:11:54]} 11. Qh4 {[%emt 0:00:48]} Be6 {[%emt 0:13:16]} 12. Ne4 {[%emt 0:16:18]} Nd7 {[%emt 0:03:40]} 13. Nxd6 {[%emt 0:04:04]} Qxd6 {[%emt 0:00:11]} 14. Bb3 {[%emt 0:01:42]} Bxb3 {[%emt 0:22:18]} 15. axb3 {[%emt 0:00:07]} Re6 {[%emt 0:03:06]} 16. Bf4 {[%emt 0:02:58]} Qe7 {[%emt 0:00:49]} 17. Qg3 {[%emt 0:01:56]} a6 {[%emt 0:00:50]} 18. c4 {[%emt 0:04:40]} Re4 {[%emt 0:04:28]} 19. Rad1 {[%emt 0:04:47]} Re8 {[%emt 0:02:35]} 20. Bd6 {[%emt 0:09:47]} Qe6 {[%emt 0:02:19]} 21. Bb4 {[%emt 0:05:44]} b5 {[%emt 0:05:09]} 22. Qc3 {[%emt 0:07:48]} c5 {[%emt 0:02:47]} 23. dxc5 {[%emt 0:01:38]} bxc4 {[%emt 0:00:29]} 24. f3 {[%emt 0:03:45]} Re2 {[%emt 0:02:32]} 25. bxc4 {[%emt 0:01:55]} Ne5 {[%emt 0:01:33]} 26. b3 {[%emt 0:01:39]} Qf5 {[%emt 0:01:33]} 27. Rf2 {[%emt 0:13:17]} Nc6 {[%emt 0:01:47]} 28. Rdf1 {[%emt 0:09:05]} R2e3 {[%emt 0:01:59]} 29. Qd2 {[%emt 0:00:57]} Rd3 {[%emt 0:00:16]} 30. Re1 {[%emt 0:00:17]} Red8 {[%emt 0:00:27]} 0-1

[Event "WSCC  M50 2019"]
[Site "Bucharest"]
[Date "2019.11.12"]
[Round "1.18"]
[White "Filipovich, David"]
[Black "Minasian, Artashes"]
[Result "1/2-1/2"]
[WhiteElo "2050"]
[BlackElo "2486"]
[Annotator "TA"]
[PlyCount "90"]
[EventDate "2019.11.12"]
[EventType "swiss"]
[EventCountry "ROU"]
[SourceTitle "playchess.com"]
[Source "ChessBase"]
[SourceQuality "1"]

{[%evp 22,90,0,-1,7,19,50,41,63,58,94,95,95,76,84,84,102,89,95,95,91,61,125,28,28,16,19,25,41,19,18,17,14,0,0,0,0,-10,25,23,62,61,68,61,62,62,64,19,81,0,28,30,34,0,48,0,24,0,4,0,0,0,0,0,0,0,0,0,0,0,0]} 1. Nf3 g6 2. g3 Bg7 3. Bg2 c5 4. c4 Nc6 5. Nc3 d6 6. O-O e5 7. a3 Nge7 8. d3 a5 9. Bg5 f6 10. Bd2 Be6 11. Rb1 O-O 12. Ne1 f5 {A37: Symmetrical English vs ...g6: 4 Bg2 Bg7 5 Nf3} (12... d5 13. cxd5 Nxd5 14. Qb3 Nc7 15. Qb6 Nd4 16. Nf3 Ra6 17. Qxb7 Nxe2+ 18. Kh1 Nxc3 19. bxc3 Bd5 20. Qb2 {0-1 (59) Svidler,P (2745)-Giri,A (2755) Moscow 2016}) 13. Nd5 h6 14. b4 cxb4 {White is slightly better.} 15. axb4 Bxd5 16. cxd5 Nxb4 17. Bxb4 axb4 18. Rxb4 Ra7 19. Qb3 {[#]} Qd7 $146 ({Predecessor:} 19... Qa8 20. Nc2 f4 21. Rb1 {½-½ (27) Gonzalez Vidal,Y (2555)-Ortiz Suarez,I (2578) Varadero 2016}) 20. Nc2 f4 21. Rb1 {[%cal Rb4b7]} Rc8 ({Black should play} 21... Nf5 $14) 22. Rxb7 ({Much less strong is} 22. gxf4 $6 exf4 23. Nd4 (23. Rxb7 Rxb7 24. Qxb7 Qxb7 $11) (23. Rxf4 Rc3 $14) 23... Bxd4 $14) ({White should try} 22. Na3 $16) 22... Rxb7 $11 23. Qxb7 Qxb7 24. Rxb7 Nf5 25. Rb2 e4 26. Ra2 f3 27. Bf1 exd3 28. exd3 g5 29. d4 g4 30. h3 h5 31. hxg4 hxg4 32. Bd3 $1 {[%cal Rd3f5]} Nh6 33. Ra6 Bf8 34. Rc6 Ra8 (34... Rb8 $1 $11 {keeps the balance.}) 35. Ra6 ({Better is} 35. Kf1 $16) 35... Rb8 36. Ne3 Rb4 37. Nf5 Nf7 38. Ne3 Rxd4 39. Bf5 {[#] aiming for Be6.} Nh6 $1 {The position is equal.} 40. Be6+ Kg7 41. Rc6 (41. Ra8 {with more complications.} Be7 42. Ra7 Kf6 43. Kf1 Rb4 44. Kg1) 41... Kf6 42. Rc4 Rxc4 43. Nxc4 Kg5 44. Kf1 Nf5 45. Ne3 Nxe3+ {Accuracy: White = 57%, Black = 50%.} 1/2-1/2